|
|
|
แสดงรายละเอียดบรรณานุกรม |
|
|
Brief Record
: Get Marc (ISO 2709)
: E-mail record
: |
| LEADER : 00000nam 2200000uu 4500 | |||
| 001 13399129199 | |||
| 003 ULIB | |||
| 008 260511s2568||||th 000 0 tha d | |||
| 020 ^ ^a9789740343783 | |||
| 060 0 ^aWY106^bป571ร | |||
| 100 ^ ^aปาหนัน กนกวงศ์นุวัฒน์ | |||
| 245 1 ^aระบบสุขภาพยุคใหม่กับการพยาบาลชุมชนในยุคดิจิทัล /^cปาหนัน กนกวงศ์นุวัฒน์. | |||
| 250 ^ ^aพิมพ์ครั้งที่ 1. | |||
| 260 ^ ^aกรุงเทพฯ :^bสำนักพิมพ์จุฬาลงกรณ์มหาวิทยาลัย,^c2568 | |||
| 300 ^ ^a144 หน้า ;^c26 ซม | |||
| 505 2 ^aแนวคิดระบบสุขภาพ -- แนวโน้มของสังคมที่ส่งผลต่อพยาบาลชุมชน -- นโยบายแผนพัฒนาสุขภาพและกฎหมายที่เกี่ยวข้อง -- ทักษะดิจิทัลสำหรับพยาบาลชุมชน -- การเตรียมความพร้อมของพยบาลชุมชนในยุคดิจิทัล. | |||
| 650 ^ ^aการพยาบาลอนามัยชุมชน. | |||
| 650 ^ ^aบริการอนามัยชุมชน. | |||
| 999 ^aประนอม เกษจรัล | |||
| คุณยังไม่ได้ล็อกอิน คุณสามารถมีกิจกรรมร่วมกับเว็บไซต์ได้ แต่ต้องล็อกอินก่อน :: |
|
รายการสื่อสารสนเทศ |
| สถานะ | |||||
| 1. | หนังสือสำรอง สถานะ=หนังสือสำรอง | WY106 ป571ร ฉ.1 Barcode: 012128 | ►หนังสือทั่วไป | บนชั้น *เพิ่งรับคืน | |
| 2. | Book การพยาบาล | WY106 ป571ร ฉ.2 Barcode: 012129 | ►หนังสือทั่วไป | บนชั้น *เพิ่งรับคืน | |
| 3. | Book การพยาบาล | WY106 ป571ร ฉ.3 Barcode: 012130 | ►หนังสือทั่วไป | บนชั้น *เพิ่งรับคืน | |
| 4. | Book การพยาบาล | WY106 ป571ร ฉ.4 Barcode: 012131 | ►หนังสือทั่วไป | บนชั้น *เพิ่งรับคืน | |
| 5. | Book การพยาบาล | WY106 ป571ร ฉ.5 Barcode: 012132 | ►หนังสือทั่วไป | บนชั้น *เพิ่งรับคืน | |
| รายการใกล้เคียง ผู้แต่ง [ปาหนัน กนกวงศ์นุวัฒน์]
หัวเรื่อง [การพยาบาลอนามัยชุมชน.]
|
BibComment |
| คอมเมนท์ทรัพยากรรายการนี้ |
|
| |
Copyright 2026. Bcnsprnw @Library |
|